00906nam a2200193 a 450000100100000000500170001000800410002702000150006804000250008310000370010824502140014526000720035930000330043149000620046450400320052670000400055871000540059883000600065200004118020201002034702.0130923s1990 sp 000 0 spa d a8400070577 aDO-SdBNPbspacBNPHU1 aVicente Rosillo, María Soledad10aCatalogo de los fondos especiales de la Biblioteca del Museo Nacional de Ciencias Naturales :bmanuscritos, incunables, obras de los S. XVI-XVII /cMaría Soledad Vicente Rosillo y Adelaida Orbiso Viñuelas. aMadrid :bConsejo Superior de Investigaciones Científicas,c1990. aXIV, 274 p. :bil. ;c24 cm.1 aMonografías (Museo Nacional de Ciencias Naturales) ;v1 aBibliografía : p. 273-2741 aOrbiso Viñuelas, Adelaida,ecomp.2 aConsejo Superior de Investigaciones Científicas 0aMonografías (Museo Nacional de Ciencias Naturales)n1